Дело о распоряжениях по случаю рождения его императорского высочества великого князя Павла Александровича

Доступно только в Электронных читальных залах Найти на картеНа карте
RUSMARC
00003588nmc2a22002413x 450
001edfbe23e-285c-498f-9ab4-1dab16cc28b5
00520241226235234.0
100##$a20240828l18601861k l0rusy0189 ca
1010#$arus
102##$aRU
105##$ay###
1222#$ad
2001#$aДело о распоряжениях по случаю рождения его императорского высочества великого князя Павла Александровича
$j18 марта 1860 г. - 31 января 1861 г.
215##$a214 л.
$d36,5х26 см
251##$cДело
300##$aДело
371##$aДокумент не является опубликованным и широко распространяемым
461#0$100108cd6ec2-be9a-457f-a0b6-fa449e506316
$12001
$aКанцелярия Министерства Императорского двора
$1251
$cФонд
$1852
$j472
462#0$10015265e818-b7f3-4da1-9e39-1aec072863ce
$12001
$aКанцелярия Министерства Императорского двора
$1251
$cОпись
$1852
$j9
801#0$aRU
$bРГИА
$c20240828
$gRCR
801#1$aRU
$bГлавНИВЦ
$c20240828
$2rusmarc
801#2$aRU
$bПБ им. Б.Н. Ельцина
$c20241226
$gRCR
$2rusmarc
850##$aРГИА
852##$aРГИА
$eФедеральное казенное учреждение "Российский государственный исторический архив" (РГИА)
$j214
937##$hРГИА
$d12417175
$aASBIBLIO_SCAN
035##$aRusGRCC00081315
856##$uhttp://readingroom.main.prlib.ru/item.aspx?id_node=n195682283&mode=full
Формат отображения